| 000 | 01402nam a2200325 i 4500 | ||
|---|---|---|---|
| 001 | 73390 | ||
| 003 | ES-MaACL | ||
| 005 | 20250825062642.0 | ||
| 007 | t| | ||
| 008 | 041005q1881 fr a |r 001 0 fre d | ||
| 040 | _cES-MaACL | ||
| 080 | _a255.6-158 | ||
| 100 | 1 |
_aLossow, Heinrich, _d1843-1897 _eaut _eill _9163562 |
|
| 245 | 1 | 0 |
_aTriomphe de Cupidon : _b12 dessins fantaisistes / _cpar Henri Lossow ; [phototypie Adolphe Ackermann, Munich] |
| 246 | 1 | _aGötterdekameron | |
| 260 |
_aParis : _bW. Hinrichsen, _c[1881] |
||
| 300 |
_a1 carpeta (12 hojas de láminas (blanco y negro), 1 hoja) ; _c33 x 25 cm |
||
| 500 | _aÍndice | ||
| 530 | _aDisponible en formato digital | ||
| 594 | _aTítulo en cubierta: Götterdekameron | ||
| 650 | 4 |
_aCupido (Divinidad romana) _911526 |
|
| 650 | 4 |
_aArte erótico _9158969 |
|
| 655 | 7 |
_aLibros ilustrados _2tgfbne _9193653 |
|
| 700 | 1 |
_aAckermann, Adolphe, _d1764-1834 _eprm _9241824 |
|
| 852 | 4 |
_aES-MaACL _cDEPO2 _fSello: "Testamentaría de Rafael Monleón, año 1900" _hLegado Rafael Monleón _jG-5195 _xCarpeta de tela verde grabada, con solapas, decorada en oro y negro, con Cupido en medallón central |
|
| 856 | 4 |
_uhttps://bvpb.mcu.es/es/consulta/registro.do?id=577713 _yVersión en línea _z(Biblioteca Virtual del Patrimonio Bibliográfico) |
|
| 942 |
_cMONANT _n0 |
||
| 999 |
_c73390 _d73390 |
||